[Event "Hamburg-ch Seniors 65+"]
[Site "Hamburg"]
[Date "2018.11.07"]
[Round "8"]
[White "Brunnemann, Hans Peter"]
[Black "Vogel, Manfred"]
[Result "0-1"]
[WhiteElo "1338"]
[BlackElo "1487"]
[PlyCount "98"]
[EventDate "2018.10.31"]
[EventType "swiss"]
[EventRounds "9"]
[EventCountry "GER"]
[SourceTitle "CBM 189 Extra"]
[Source "ChessBase"]
[SourceDate "2019.06.03"]
[SourceVersion "1"]
[SourceVersionDate "2019.06.03"]
[SourceQuality "1"]

1. e4 c5 2. Bc4 e6 3. Nf3 Nc6 4. b3 d6 5. Bb2 e5 6. Nc3 g6 7. h3 Bh6 8. Nd5 Nf6 9. d3 a6 10. 0-0 Nd7 11. Bc3 b5 12. Ne3 bxc4 13. Nxc4 Nf6 14. Bd2 Bxd2 15. Qxd2 0-0 16. c3 d5 17. Ncxe5 Nxe5 18. Nxe5 dxe4 19. Nc6 Qxd3 20. Qh6 Bb7 21. Ne7+ Kh8 22. Rad1 Qxc3 23. Rc1 Qe5 24. Nxg6+ fxg6 25. Qe3 Qd4 26. Qf4 Nh5 27. Qg5 Nf4 28. Rxc5 e3 29. Rc7 exf2+ 30. Rxf2 Ne2+ 31. Kh2 Qxf2 32. Rxb7 Qf4+ 33. Qxf4 Nxf4 34. Rb4 Rac8 35. Rd4 Rc2 36. Kg3 Rxg2+ 37. Kf3 Ne2+ 38. Kxg2 Nxd4 39. h4 Rf3 40. b4 Ra3 41. Kf2 Rxa2+ 42. Ke3 Nf5+ 43. Kf4 Ra4 44. Kg5 Rxb4 45. h5 gxh5 46. Kxf5 h4 47. Ke5 h3 48. Kd5 h2 49. Kc5 a5 0-1

[Event "Hamburg-ch Seniors 65+"]
[Site "Hamburg"]
[Date "2018.11.04"]
[Round "5"]
[White "Bock, Georg"]
[Black "Brunnemann, Hans Peter"]
[Result "1-0"]
[WhiteElo "1459"]
[BlackElo "1338"]
[PlyCount "59"]
[EventDate "2018.10.31"]
[EventType "swiss"]
[EventRounds "9"]
[EventCountry "GER"]
[SourceTitle "CBM 189 Extra"]
[Source "ChessBase"]
[SourceDate "2019.06.03"]
[SourceVersion "1"]
[SourceVersionDate "2019.06.03"]
[SourceQuality "1"]

1. e4 e5 2. Nf3 d6 3. h3 Nf6 4. Nc3 d5 5. exd5 Nxd5 6. Nxd5 Qxd5 7. c4 Qe6 8. Be2 Bc5 9. d4 Bxd4 10. Nxd4 exd4 11. Qxd4 0-0 12. Qe3 Qd6 13. Qd3 Qc6 14. 0-0 b6 15. Bf3 Qd6 16. Qxd6 cxd6 17. Bxa8 Be6 18. Bd5 Bd7 19. Bf4 Re8 20. Bxd6 Na6 21. Rfe1 Rxe1+ 22. Rxe1 h6 23. Re7 Bf5 24. Rxf7 Bg6 25. Rxa7+ Kh7 26. Rxa6 Bf5 27. Rxb6 Bb1 28. a4 Bf5 29. a5 Bc8 30. a6 1-0

[Event "Hamburg-ch Seniors 65+"]
[Site "Hamburg"]
[Date "2018.11.03"]
[Round "4"]
[White "Brunnemann, Hans Peter"]
[Black "Hofmeier, Arthur"]
[Result "0-1"]
[WhiteElo "1338"]
[BlackElo "1538"]
[PlyCount "140"]
[EventDate "2018.10.31"]
[EventType "swiss"]
[EventRounds "9"]
[EventCountry "GER"]
[SourceTitle "CBM 189 Extra"]
[Source "ChessBase"]
[SourceDate "2019.06.03"]
[SourceVersion "1"]
[SourceVersionDate "2019.06.03"]
[SourceQuality "1"]

1. e4 e5 2. Nc3 Nf6 3. b3 a6 4. Nf3 d6 5. Bc4 h6 6. Bb2 c6 7. d4 b5 8. Be2 d5 9. dxe5 Nxe4 10. Nxe4 dxe4 11. Qxd8+ Kxd8 12. Nd4 c5 13. Rd1 cxd4 14. Rxd4+ Nd7 15. Rxe4 Bb7 16. Rg4 Bd5 17. 0-0 Be6 18. Rd4 Bc5 19. Rd3 Ke7 20. a3 Rhd8 21. Rg3 Kf8 22. b4 Bb6 23. Rd1 Rac8 24. Rd2 Nb8 25. Bd3 Kg8 26. h4 Nc6 27. c3 Nxe5 28. c4 f6 29. c5 Bc7 30. f4 Nxd3 31. Rgxd3 Rxd3 32. Rxd3 Bxf4 33. Rd4 Be5 34. Rd2 Bf4 35. Rd4 Be3+ 36. Kf1 Bxd4 37. Bxd4 Bc4+ 38. Kf2 Kf7 39. g4 g6 40. Be3 h5 41. gxh5 gxh5 42. Kf3 f5 43. Kf4 Kg6 44. Ke5 Re8+ 45. Kf4 Re4+ 46. Kf3 Rxh4 47. c6 Bd5+ 48. Kg3 Bxc6 49. Kxh4 Bf3 50. Kg3 Bg4 51. Kh4 Kf6 52. Bd4+ Ke6 53. Kg3 Kd5 54. Bc5 Kc4 55. Bd6 Kb3 56. Bc5 Kxa3 57. Kf4 Kb3 58. Kg3 Kc4 59. Kf4 h4 60. Kg5 h3 61. Kh4 h2 62. Bb6 h1Q+ 63. Kg3 Qf3+ 64. Kh4 Bh3 65. Kg5 f4 66. Bc7 Qg4+ 67. Kf6 f3 68. Bb6 Qf5+ 69. Ke7 Qe6+ 70. Kf8 Qxb6 0-1

[Event "Hamburg-ch Seniors 65+"]
[Site "Hamburg"]
[Date "2018.11.01"]
[Round "2"]
[White "Klausberger, Wolfgang"]
[Black "Brunnemann, Hans Peter"]
[Result "1-0"]
[WhiteElo "1608"]
[BlackElo "1338"]
[PlyCount "95"]
[EventDate "2018.10.31"]
[EventType "swiss"]
[EventRounds "9"]
[EventCountry "GER"]
[SourceTitle "CBM 189 Extra"]
[Source "ChessBase"]
[SourceDate "2019.06.03"]
[SourceVersion "1"]
[SourceVersionDate "2019.06.03"]
[SourceQuality "1"]

1. c4 d5 2. cxd5 Qxd5 3. Nc3 Qd6 4. g3 Nc6 5. Bg2 Nf6 6. Nf3 Bf5 7. d3 e5 8. 0-0 h6 9. a3 0-0-0 10. Qa4 Nd5 11. Nxd5 Qxd5 12. e4 Qe6 13. exf5 Qf6 14. Qe4 g6 15. fxg6 fxg6 16. Nh4 Rg8 17. Be3 a6 18. b4 g5 19. Qf5+ Qxf5 20. Nxf5 Rxd3 21. Rfd1 Rxd1+ 22. Rxd1 h5 23. Bd5 Rg6 24. Be4 h4 25. Nxh4 Rg8 26. Nf5 g4 27. Kg2 Rh8 28. Rh1 Rh5 29. h3 gxh3+ 30. Rxh3 Rxh3 31. Kxh3 Ne7 32. Kg4 Nxf5 33. Kxf5 Bg7 34. Ke6 b6 35. a4 b5 36. axb5 axb5 37. Bc6 e4 38. Bxe4 Bc3 39. Bc5 Bd2 40. Bc6 Bg5 41. Bxb5 Kb7 42. Kd5 Bd8 43. Bc6+ Ka6 44. b5+ Ka5 45. Ke6 Ka4 46. Be7 Bxe7 47. Kxe7 Ka5 48. g4 1-0

[Event "Hamburg-ch Seniors 23rd"]
[Site "Hamburg"]
[Date "2016.11.10"]
[Round "9"]
[White "Tiedjens, Jan Peter"]
[Black "Brunnemann, Hans Peter"]
[Result "0-1"]
[WhiteElo "832"]
[BlackElo "1344"]
[PlyCount "90"]
[EventDate "2016.11.02"]
[EventType "swiss"]
[EventRounds "9"]
[EventCountry "GER"]
[SourceTitle "EXT 2019"]
[Source "ChessBase"]
[SourceDate "2018.10.10"]
[SourceVersion "1"]
[SourceVersionDate "2018.10.10"]
[SourceQuality "1"]

1. d4 d5 2. Nc3 Nf6 3. Bg5 h6 4. Bf4 Nh5 5. Be3 e6 6. Nf3 a6 7. g3 Nd7 8. Bh3 Nb6 9. b3 Bb4 10. Qd2 Nd7 11. a3 Be7 12. g4 Nhf6 13. Qd3 Bd6 14. Ng1 e5 15. Bg2 c6 16. f3 e4 17. fxe4 dxe4 18. Nxe4 Nxe4 19. Qxe4+ Be7 20. Nf3 Nf6 21. Qf4 Bxg4 22. h3 Bh5 23. Ne5 Qa5+ 24. Bd2 Qb5 25. Bf3 Nd5 26. Qg3 Bxf3 27. Qxf3 Bf6 28. a4 Qb6 29. Qe3 Nxe3 30. Bxe3 Qb4+ 31. Kf2 0-0 32. Nd3 Qe7 33. c3 Rfe8 34. Ne5 Bh4+ 35. Kg1 Qe6 36. c4 f6 37. Bf2 Bg5 38. Bg3 fxe5 39. dxe5 Rf8 40. h4 Be3+ 41. Kh2 Bf2 42. Bxf2 Qxe5+ 43. Kg2 Qe4+ 44. Kh2 Rxf2+ 45. Kg1 Qg2# 0-1

[Event "Hamburg-ch Seniors 23rd"]
[Site "Hamburg"]
[Date "2016.11.09"]
[Round "8"]
[White "Springer, Wolfgang Wilhelm"]
[Black "Brunnemann, Hans Peter"]
[Result "1-0"]
[WhiteElo "1358"]
[BlackElo "1344"]
[PlyCount "129"]
[EventDate "2016.11.02"]
[EventType "swiss"]
[EventRounds "9"]
[EventCountry "GER"]
[SourceTitle "EXT 2019"]
[Source "ChessBase"]
[SourceDate "2018.10.10"]
[SourceVersion "1"]
[SourceVersionDate "2018.10.10"]
[SourceQuality "1"]

1. c4 e5 2. g3 c5 3. Nc3 Nf6 4. Bg2 Nc6 5. e3 d6 6. Nge2 h6 7. 0-0 Be7 8. d3 0-0 9. Bd2 a6 10. a3 Rb8 11. Qc2 Bf5 12. Ne4 Nxe4 13. dxe4 Bg4 14. Nc3 b5 15. cxb5 axb5 16. h3 Bh5 17. Nd5 c4 18. Bc3 Bg6 19. a4 b4 20. Bd2 b3 21. Qxc4 Qd7 22. Ra3 Rfe8 23. Nxe7+ Rxe7 24. Rxb3 Qc7 25. Rxb8+ Nxb8 26. Qxc7 Rxc7 27. Rc1 Nc6 28. Ba5 Rc8 29. b4 f6 30. b5 Be8 31. bxc6 Bxc6 32. Bf1 Kf7 33. Ba6 Bb7 34. Rxc8 Bxa6 35. Rc6 Bd3 36. Rxd6 Bxe4 37. Bb4 Bf5 38. Kh2 g5 39. a5 Bc8 40. a6 Bf5 41. a7 Be4 42. Ra6 Ba8 43. Rb6 h5 44. Rb8 Bc6 45. a8Q Bxa8 46. Rxa8 e4 47. Ra5 Kg6 48. g4 hxg4 49. hxg4 Kf7 50. Kg3 Kg6 51. f3 exf3 52. Kxf3 Kf7 53. Rf5 Kg6 54. Bc3 Kf7 55. Rxf6+ Ke7 56. e4 Kd7 57. e5 Ke7 58. Bb4+ Ke8 59. e6 Kd8 60. Rf8+ Kc7 61. e7 Kb6 62. e8Q Kc7 63. Qe6 Kb7 64. Rf7+ Kb8 65. Qe8# 1-0

[Event "Hamburg-ch Seniors 23rd"]
[Site "Hamburg"]
[Date "2016.11.07"]
[Round "6"]
[White "Schwirz, Horst"]
[Black "Brunnemann, Hans Peter"]
[Result "1-0"]
[WhiteElo "1602"]
[BlackElo "1344"]
[PlyCount "121"]
[EventDate "2016.11.02"]
[EventType "swiss"]
[EventRounds "9"]
[EventCountry "GER"]
[SourceTitle "EXT 2019"]
[Source "ChessBase"]
[SourceDate "2018.10.10"]
[SourceVersion "1"]
[SourceVersionDate "2018.10.10"]
[SourceQuality "1"]

1. Nf3 d5 2. g3 Nc6 3. Bg2 e6 4. d3 Nf6 5. Nbd2 Bb4 6. c3 Ba5 7. 0-0 b5 8. e4 dxe4 9. dxe4 0-0 10. Qc2 h6 11. Rd1 Qe7 12. Nf1 e5 13. Ne3 Bb6 14. b3 Be6 15. Bb2 Rad8 16. c4 bxc4 17. Nxc4 Nb4 18. Qe2 Bc5 19. Nfxe5 Qe8 20. a3 Nc6 21. Rxd8 Nxd8 22. Nd3 Be7 23. f4 Bg4 24. Qf2 Bh5 25. h3 Bg6 26. Qxa7 Qd7 27. Nde5 Qb5 28. Qxc7 Bc5+ 29. Kh2 Bxe4 30. Bxe4 Nxe4 31. b4 Ne6 32. Qc6 Qb8 33. Qxe4 Qa7 34. bxc5 Qxc5 35. Qe3 Qd5 36. Qf3 Qc5 37. Rc1 Qb5 38. Qc3 f6 39. Nf3 Qc5 40. Qe3 Qc6 41. f5 Ng5 42. Nxg5 hxg5 43. Qe6+ Qxe6 44. fxe6 Re8 45. Re1 Re7 46. a4 Kf8 47. Ba3 Ke8 48. Bxe7 Kxe7 49. a5 f5 50. a6 f4 51. gxf4 gxf4 52. a7 g5 53. a8Q Kf6 54. Kg2 Kf5 55. Re5+ Kf6 56. Qd8+ Kg6 57. Qxg5+ Kh7 58. Qh5+ Kg7 59. Rg5+ Kf6 60. Rf5+ Kxe6 61. Qf7# 1-0

[Event "Hamburg-ch Seniors 23rd"]
[Site "Hamburg"]
[Date "2016.11.05"]
[Round "4"]
[White "Lipka, Werner"]
[Black "Brunnemann, Hans Peter"]
[Result "1-0"]
[WhiteElo "1262"]
[BlackElo "1344"]
[PlyCount "139"]
[EventDate "2016.11.02"]
[EventType "swiss"]
[EventRounds "9"]
[EventCountry "GER"]
[SourceTitle "EXT 2019"]
[Source "ChessBase"]
[SourceDate "2018.10.10"]
[SourceVersion "1"]
[SourceVersionDate "2018.10.10"]
[SourceQuality "1"]

1. e4 e5 2. Nf3 Nc6 3. c4 Nf6 4. Nc3 Bc5 5. Be2 d6 6. 0-0 0-0 7. d3 Nd4 8. h3 Nxf3+ 9. Bxf3 h6 10. a3 c6 11. b4 Bd4 12. Bb2 c5 13. b5 b6 14. Qc2 Be6 15. Rad1 Bd7 16. Bc1 a6 17. a4 axb5 18. axb5 Ne8 19. Ne2 Ba1 20. Bxh6 gxh6 21. Rxa1 Rxa1 22. Rxa1 Qf6 23. Qd2 Ng7 24. Ng3 Qg6 25. Qe2 Qg5 26. Bg4 Be6 27. Bxe6 fxe6 28. Qe1 h5 29. Ra6 Rb8 30. Nf1 h4 31. Ne3 Nh5 32. Qd1 Nf4 33. Kf1 Kg7 34. Ra7+ Kg6 35. Qf3 Rf8 36. Ng4 Rd8 37. g3 hxg3 38. fxg3 Rf8 39. Ke1 Nxd3+ 40. Qxd3 Qc1+ 41. Ke2 Qf1+ 42. Kd2 Qg2+ 43. Qe2 Qxg3 44. Ra1 Qf4+ 45. Ne3 Qxe4 46. Rg1+ Kf7 47. Qh5+ Ke7 48. Rg7+ Kd8 49. Qg5+ Kc8 50. Rg8 Qd4+ 51. Kc2 Qe4+ 52. Kc1 Qh1+ 53. Nd1 Qf3 54. Qg4 Qa3+ 55. Nb2 Qc3+ 56. Kb1 Qe1+ 57. Kc2 Qf2+ 58. Kb3 Qf6 59. Rxf8+ Qxf8 60. Qxe6+ Kd8 61. h4 Qe7 62. Qg8+ Qe8 63. Qd5 Ke7 64. Qc6 Qxc6 65. bxc6 Kd8 66. h5 e4 67. h6 e3 68. h7 Kc7 69. h8Q Kxc6 70. Qc8# 1-0

[Event "Hamburg-ch Seniors 23rd"]
[Site "Hamburg"]
[Date "2016.11.04"]
[Round "3"]
[White "Brunnemann, Hans Peter"]
[Black "Bock, Georg"]
[Result "0-1"]
[WhiteElo "1344"]
[BlackElo "1433"]
[PlyCount "121"]
[EventDate "2016.11.02"]
[EventType "swiss"]
[EventRounds "9"]
[EventCountry "GER"]
[SourceTitle "EXT 2019"]
[Source "ChessBase"]
[SourceDate "2018.10.10"]
[SourceVersion "1"]
[SourceVersionDate "2018.10.10"]
[SourceQuality "1"]

1. e4 e5 2. Nc3 Nf6 3. Nf3 d6 4. Bb5+ c6 5. Ba4 b5 6. Bb3 Bg4 7. h3 Bh5 8. d3 h6 9. Qe2 a5 10. Qe3 a4 11. Bxf7+ Bxf7 12. d4 Nbd7 13. dxe5 dxe5 14. a3 Bc5 15. Qe2 Bc4 16. Qd2 0-0 17. b4 axb3 18. cxb3 Bxb3 19. Qb2 Bc4 20. Nd2 Bf7 21. 0-0 Bd4 22. Nb3 Bxb3 23. Qxb3+ Kh8 24. Ra2 Nc5 25. Qc2 Qa5 26. Ne2 Ne6 27. Qxc6 Ng5 28. Bxg5 hxg5 29. Nxd4 exd4 30. e5 Nh7 31. Rd1 Rad8 32. e6 Rfe8 33. Qe4 Qa7 34. h4 Qe7 35. Rd3 Qxe6 36. Qxe6 Rxe6 37. Rb2 gxh4 38. Rxb5 g5 39. f3 Rc6 40. Rbb3 Nf8 41. Kh2 Ne6 42. Rb5 Rc3 43. Rd2 Rxa3 44. Re2 Re3 45. Rxe3 dxe3 46. Re5 Nf4 47. Rxe3 Rd2 48. Re8+ Kg7 49. Kg1 Nxg2 50. Re7+ Kf6 51. Re8 Nf4 52. Rf8+ Kg7 53. Rf5 Kg6 54. Rc5 h3 55. Rc6+ Kf5 56. Rc8 Rd3 57. Kf2 Rd2+ 58. Kg1 Rg2+ 59. Kh1 Ne2 60. Rf8+ Kg6 61. Rh8 0-1

[Event "Pinneberg op Seniors 16th"]
[Site "Pinneberg"]
[Date "2015.07.23"]
[Round "4"]
[White "Brunnemann, Hans Peter"]
[Black "Schleu, Guenther"]
[Result "0-1"]
[WhiteElo "1000"]
[BlackElo "1071"]
[PlyCount "86"]
[EventDate "2015.07.02"]
[EventType "swiss"]
[EventRounds "7"]
[EventCountry "GER"]
[SourceTitle "EXT 2017"]
[Source "ChessBase"]
[SourceDate "2016.10.25"]
[SourceVersion "1"]
[SourceVersionDate "2016.10.25"]
[SourceQuality "1"]

1. e4 c5 2. Bc4 e6 3. Nf3 Nc6 4. Nc3 a6 5. d3 b5 6. Bb3 Bb7 7. 0-0 Na5 8. Be3 Nxb3 9. axb3 Be7 10. d4 cxd4 11. Bxd4 Bf6 12. e5 Bg5 13. Qe2 Bh6 14. Ne4 Qc7 15. Nd6+ Ke7 16. Nxb7 Qxb7 17. Be3 Qc7 18. Bxh6 Nxh6 19. b4 Rhc8 20. c3 Nf5 21. Rad1 g6 22. Rd3 Rd8 23. Qd2 d6 24. exd6+ Rxd6 25. Qg5+ Kf8 26. Ne5 Rad8 27. Qf6 Rxd3 28. Nxd3 Rxd3 29. Qh8+ Ke7 30. Qa8 Rd6 31. Qe4 Qd7 32. Qf3 Rd5 33. h3 Nd6 34. b3 Nf5 35. Qf4 Rd3 36. Rc1 Rd1+ 37. Rxd1 Qxd1+ 38. Kh2 Qxb3 39. Qc7+ Kf6 40. Qd8+ Kg7 41. Qc7 Qa2 42. Qe5+ f6 43. Qxe6 Qxe6 0-1

[Event "Pinneberg op Seniors 16th"]
[Site "Pinneberg"]
[Date "2015.??.??"]
[Round "1"]
[White "Kaland, Joachim"]
[Black "Brunnemann, Hans Peter"]
[Result "1-0"]
[WhiteElo "1545"]
[BlackElo "1000"]
[PlyCount "154"]
[EventDate "2015.07.02"]
[EventType "swiss"]
[EventRounds "7"]
[EventCountry "GER"]
[SourceTitle "EXT 2017"]
[Source "ChessBase"]
[SourceDate "2016.10.25"]
[SourceVersion "1"]
[SourceVersionDate "2016.10.25"]
[SourceQuality "1"]

1. e4 e5 2. Nf3 Nc6 3. Bb5 a6 4. Ba4 b5 5. Bb3 Bc5 6. 0-0 Nf6 7. d3 Qe7 8. h3 0-0 9. Bg5 h6 10. Bh4 Na5 11. Nbd2 Nxb3 12. Nxb3 Bb6 13. Qe2 d6 14. Nbd2 Qe6 15. b3 Nh5 16. Kh1 Qg6 17. Nh2 Nf4 18. Qf3 Bd4 19. Rac1 Bc3 20. Nb1 Bd4 21. c3 Bb6 22. Ng4 Bxg4 23. hxg4 Rae8 24. c4 b4 25. Bg3 Ne6 26. Qd1 Nd4 27. f4 Nc6 28. Bf2 Bxf2 29. Rxf2 Qf6 30. g3 Ne7 31. Qf1 Qg6 32. Qh3 f5 33. gxf5 Nxf5 34. exf5 Rxf5 35. g4 Rf7 36. Rcf1 exf4 37. Nd2 Re3 38. Rf3 Qxd3 39. Rxe3 fxe3 40. Rxf7 Kxf7 41. Qf3+ Kg8 42. Nf1 Qb1 43. Qe2 Qe4+ 44. Kh2 Qf4+ 45. Kh3 Qe4 46. Nxe3 Qh1+ 47. Kg3 g5 48. Ng2 Qb1 49. Qe8+ Kg7 50. Qd7+ Kf8 51. Qf5+ Qxf5 52. gxf5 c6 53. Kg4 Kg7 54. Ne3 a5 55. Kh5 g4 56. Kxg4 Kf6 57. Kh4 d5 58. cxd5 cxd5 59. Nxd5+ Kxf5 60. Ne7+ Ke6 61. Nc6 Kd5 62. Nxa5 Kc5 63. Nc4 Kd4 64. Kh5 Kc3 65. Kxh6 Kc2 66. Kg5 Kb1 67. a3 bxa3 68. Nxa3+ Kb2 69. b4 Kxa3 70. b5 Ka4 71. b6 Ka5 72. b7 Ka6 73. b8Q Ka5 74. Kf5 Ka6 75. Ke5 Ka5 76. Kd5 Ka6 77. Kc5 Ka5 1-0

[Event "Hamburg Seniors-ch 20th"]
[Site "Hamburg"]
[Date "2013.11.05"]
[Round "7"]
[White "Roepke, Karl Peter"]
[Black "Brunnemann, Hans Peter"]
[Result "1-0"]
[WhiteElo "1233"]
[BlackElo "1046"]
[PlyCount "79"]
[EventDate "2013.10.30"]
[EventType "swiss"]
[EventRounds "9"]
[EventCountry "GER"]
[SourceTitle "EXT 2015"]
[Source "ChessBase"]
[SourceDate "2014.11.20"]
[SourceVersion "1"]
[SourceVersionDate "2014.11.20"]
[SourceQuality "1"]

1. e4 e5 2. Nf3 Nc6 3. d4 Bd6 4. Bb5 a6 5. Ba4 Nf6 6. Bxc6 bxc6 7. dxe5 Bb4+ 8. c3 Bc5 9. exf6 Qxf6 10. Qe2 d6 11. h3 0-0 12. Be3 Re8 13. Bxc5 dxc5 14. Nbd2 Rd8 15. 0-0 Qg6 16. Kh1 Rb8 17. b3 a5 18. a4 h6 19. Qe3 Qd6 20. c4 Ba6 21. Qc3 Bb7 22. Qxa5 Ra8 23. Qc3 Qe6 24. Nh4 Rd7 25. Nhf3 Rad8 26. Qe3 Qg6 27. Ne5 Qe6 28. Nxd7 Rxd7 29. a5 Ba6 30. Rfd1 Qf6 31. Qxc5 Qg6 32. b4 Bc8 33. a6 Rd3 34. a7 Bxh3 35. g3 Bg4 36. a8Q+ Kh7 37. Qaxc6 Bf3+ 38. Kh2 Qg4 39. Qf5+ g6 40. Qxf7+ 1-0

[Event "Hamburg Seniors-ch 20th"]
[Site "Hamburg"]
[Date "2013.11.03"]
[Round "5"]
[White "Schmidt, Berthold"]
[Black "Brunnemann, Hans Peter"]
[Result "1-0"]
[WhiteElo "1352"]
[BlackElo "1046"]
[PlyCount "67"]
[EventDate "2013.10.30"]
[EventType "swiss"]
[EventRounds "9"]
[EventCountry "GER"]
[SourceTitle "EXT 2015"]
[Source "ChessBase"]
[SourceDate "2014.11.20"]
[SourceVersion "1"]
[SourceVersionDate "2014.11.20"]
[SourceQuality "1"]

1. e4 e5 2. Nf3 Nc6 3. d4 Bd6 4. Bc4 Qe7 5. Ng5 Nh6 6. Qh5 Nxd4 7. Na3 Ne6 8. Nxe6 dxe6 9. Bg5 Qd7 10. Rd1 Qc6 11. Bb5 g6 12. Bxc6+ bxc6 13. Qxh6 Ba6 14. Bf6 Rf8 15. Qg5 Rb8 16. Bxe5 Be7 17. Qe3 Rb7 18. Qd4 f5 19. Qd7+ Kf7 20. Bd4 Rd8 21. Qxc6 Rd6 22. Qc3 e5 23. Be3 Rxd1+ 24. Kxd1 c5 25. b3 Rd7+ 26. Kc1 g5 27. g3 h6 28. f4 exf4 29. gxf4 Bb7 30. Qc4+ Kg7 31. fxg5 hxg5 32. Qe6 Bc8 33. Qc4 Rc7 34. Qc3+ 1-0

[Event "Hamburg Seniors-ch 20th"]
[Site "Hamburg"]
[Date "2013.10.31"]
[Round "2"]
[White "Brunnemann, Hans Peter"]
[Black "Laber, Witalij"]
[Result "0-1"]
[WhiteElo "1046"]
[BlackElo "1452"]
[PlyCount "122"]
[EventDate "2013.10.30"]
[EventType "swiss"]
[EventRounds "9"]
[EventCountry "GER"]
[SourceTitle "EXT 2015"]
[Source "ChessBase"]
[SourceDate "2014.11.20"]
[SourceVersion "1"]
[SourceVersionDate "2014.11.20"]
[SourceQuality "1"]

1. e4 c5 2. d4 cxd4 3. Qxd4 Nc6 4. Qd1 e5 5. Nc3 Nf6 6. Bg5 Be7 7. a3 h6 8. Bh4 0-0 9. Nf3 d6 10. Bc4 Bg4 11. 0-0 Bxf3 12. Qxf3 Nd4 13. Qd1 Rc8 14. Bd3 a6 15. Re1 b5 16. Rc1 g5 17. Bg3 Qd7 18. h3 Ne6 19. Nd5 Bd8 20. c3 Nc5 21. Bc2 Qe6 22. Nxf6+ Bxf6 23. b4 Nb7 24. Qd3 Qc4 25. Qf3 Kg7 26. Re3 Qe6 27. Rb1 Rc7 28. Bb3 Qc8 29. Bd5 Nd8 30. Rd3 Ne6 31. Bb3 Nf4 32. Bxf4 gxf4 33. Rxd6 Rxc3 34. Rd3 Rc1+ 35. Rxc1 Qxc1+ 36. Bd1 Qc6 37. Qg4+ Kh8 38. Qf5 Bg7 39. Qh5 Qg6 40. Qh4 Qxe4 41. Bc2 Kg8 42. Qg4 Qc6 43. Bb3 Kh8 44. Bd5 Qf6 45. Be4 Rg8 46. Rc3 Bf8 47. Rc6 Qg7 48. Qf5 Be7 49. Rxh6+ Qxh6 50. Qxe5+ Qf6 51. Qh5+ Kg7 52. Qg4+ Qg5 53. Qd7 Qf6 54. Qd1 Rd8 55. Qg4+ Qg5 56. Qf3 f5 57. Qc3+ Qf6 58. Qf3 fxe4 59. Qg4+ Qg5 60. Qe2 f3 61. Qf1 Rd1 0-1

[Event "Hamburg Seniors op 19th"]
[Site "Hamburg"]
[Date "2012.10.31"]
[Round "8"]
[White "Brunnemann, Hans Peter"]
[Black "Schwirz, Horst"]
[Result "0-1"]
[WhiteElo "1056"]
[BlackElo "1323"]
[PlyCount "48"]
[EventDate "2012.10.24"]
[EventType "swiss"]
[EventRounds "9"]
[EventCountry "GER"]
[SourceTitle "EXT 2015"]
[Source "ChessBase"]
[SourceDate "2014.11.20"]
[SourceVersion "1"]
[SourceVersionDate "2014.11.20"]
[SourceQuality "1"]

1. e4 e5 2. Nf3 Nc6 3. Nc3 Nf6 4. Bc4 Nxe4 5. Nxe4 d5 6. Bd3 dxe4 7. Bxe4 Bd6 8. d3 Bg4 9. 0-0 Qd7 10. h3 Bh5 11. a3 f5 12. Bd5 0-0-0 13. Re1 Rhe8 14. Bg5 Ne7 15. Bc4 h6 16. Be3 Kb8 17. Qd2 Bxf3 18. gxf3 f4 19. Bd4 Qxh3 20. Bxa7+ Kxa7 21. Qa5+ Kb8 22. Qa4 Nc6 23. Bd5 Nd4 24. Re4 Nxf3# 0-1

[Event "Hamburg-ch Seniors 18th"]
[Site "Hamburg"]
[Date "2011.11.05"]
[Round "8"]
[White "Graffenberger, Marianne"]
[Black "Brunnemann, Hans Peter"]
[Result "1-0"]
[WhiteElo "1476"]
[BlackElo "1389"]
[PlyCount "125"]
[EventDate "2011.10.29"]
[EventType "swiss"]
[EventRounds "9"]
[EventCountry "GER"]
[SourceTitle "EXT 2015"]
[Source "ChessBase"]
[SourceDate "2014.11.20"]
[SourceVersion "1"]
[SourceVersionDate "2014.11.20"]
[SourceQuality "1"]

1. e4 e5 2. Nf3 Nc6 3. d4 d5 4. dxe5 dxe4 5. Qxd8+ Kxd8 6. Bg5+ Be7 7. Bxe7+ Ngxe7 8. Nfd2 Bf5 9. Bc4 Nxe5 10. Bb3 c6 11. Nc3 Kc7 12. Ndxe4 Rad8 13. 0-0 Rd4 14. Rfe1 Nd5 15. Ng3 Be6 16. Rxe5 Kd6 17. Ree1 Re8 18. Nxd5 cxd5 19. Ne2 Rg4 20. Ng3 b5 21. Rad1 Kd7 22. Ne4 Kc6 23. Ng3 Rd8 24. c3 a5 25. a4 bxa4 26. Bxa4+ Rxa4 27. Ne2 Bg4 28. f3 Bh5 29. Nd4+ Kc5 30. b3 Ra3 31. Re7 Rb8 32. Re5 Bg6 33. c4 Rd8 34. Rxd5+ Rxd5 35. cxd5 a4 36. d6 Kd5 37. Nb5+ Kc6 38. Nxa3 Kd7 39. bxa4 f5 40. f4 Be8 41. a5 Kc6 42. Kf2 Bd7 43. Ke3 g6 44. Nc4 Kb5 45. Kd4 Ka6 46. Re1 h5 47. Re7 Bb5 48. d7 Bxd7 49. Rxd7 Kb5 50. Rd6 h4 51. a6 g5 52. fxg5 f4 53. g6 h3 54. gxh3 f3 55. Rf6 f2 56. g7 f1Q 57. Rxf1 Kxa6 58. g8Q Kb5 59. Qd5+ Kb4 60. Qa5+ Kb3 61. Rf3+ Kc2 62. Qa2+ Kd1 63. Rf1# 1-0

[Event "Hamburg-ch Seniors 18th"]
[Site "Hamburg"]
[Date "2011.11.03"]
[Round "6"]
[White "Brunnemann, Hans Peter"]
[Black "Kock, Rudolf"]
[Result "0-1"]
[WhiteElo "1389"]
[BlackElo "1736"]
[PlyCount "114"]
[EventDate "2011.10.29"]
[EventType "swiss"]
[EventRounds "9"]
[EventCountry "GER"]
[SourceTitle "EXT 2015"]
[Source "ChessBase"]
[SourceDate "2014.11.20"]
[SourceVersion "1"]
[SourceVersionDate "2014.11.20"]
[SourceQuality "1"]

1. e4 c5 2. Bc4 e6 3. d3 Nc6 4. Ne2 Be7 5. 0-0 a6 6. Bf4 b5 7. Bb3 Bb7 8. a3 e5 9. Bg3 Bf6 10. c4 b4 11. axb4 Nxb4 12. Nbc3 Ne7 13. Nd5 Bxd5 14. cxd5 d6 15. Ba4+ Kf8 16. Nc3 Nc8 17. Na2 Qb6 18. Qb3 Ke7 19. Bc6 Nxc6 20. Qxb6 Nxb6 21. dxc6 Rac8 22. Nc3 Rxc6 23. Nd5+ Nxd5 24. exd5 Rb6 25. Rab1 Rhb8 26. Rfe1 g5 27. f4 gxf4 28. Bxf4 Kd7 29. Bd2 Rxb2 30. Rbd1 R2b3 31. Re3 e4 32. Rf1 Bd4 33. Rxf7+ Ke8 34. Rf4 Bxe3+ 35. Bxe3 Rxd3 36. Rxe4+ Kd7 37. Bg5 Re8 38. Rf4 Rxd5 39. Rf7+ Kc6 40. Bh4 h5 41. Bg3 Ra8 42. Rf4 a5 43. Ra4 Rd4 44. Ra2 a4 45. Bf2 Rd1+ 46. Be1 Rxe1+ 47. Kf2 Re5 48. g3 Rf8+ 49. Kg2 Re4 50. h3 Rb8 51. Kf3 d5 52. g4 Rb3+ 53. Kg2 hxg4 54. hxg4 Rxg4+ 55. Kf2 Rgb4 56. Re2 Rb2 57. Rxb2 Rxb2+ 0-1

[Event "Hamburg-ch Seniors 18th"]
[Site "Hamburg"]
[Date "2011.10.31"]
[Round "3"]
[White "Brunnemann, Hans Peter"]
[Black "Werner, Joern"]
[Result "0-1"]
[WhiteElo "1389"]
[BlackElo "1841"]
[PlyCount "62"]
[EventDate "2011.10.29"]
[EventType "swiss"]
[EventRounds "9"]
[EventCountry "GER"]
[SourceTitle "EXT 2015"]
[Source "ChessBase"]
[SourceDate "2014.11.20"]
[SourceVersion "1"]
[SourceVersionDate "2014.11.20"]
[SourceQuality "1"]

1. e4 e5 2. Nf3 Nc6 3. Nc3 Bc5 4. Bc4 Nf6 5. d3 h6 6. 0-0 d6 7. h3 a6 8. a3 Ne7 9. b4 Ba7 10. Nd5 Nfxd5 11. exd5 Ng6 12. c3 0-0 13. Qe2 f5 14. Be3 e4 15. dxe4 fxe4 16. Nd2 Bf5 17. Qh5 Ne5 18. Bb3 Bg6 19. Qe2 Qh4 20. Bxa7 Rxa7 21. Bc2 Nd3 22. f3 Nf4 23. Qe3 Qg3 24. Rf2 Nxh3+ 25. Kf1 Nxf2 26. Qxa7 Nd3 27. Bxd3 exd3 28. Qxb7 Re8 29. Qxa6 Re2 30. Qc8+ Kh7 31. Qg4 Qf2# 0-1